000 00497nam a2200181Ia 4500
008 090123s9999 xx 000 0 und d
082 _b25362
100 _aशिंगटे सुरेश
245 _aडोरलं
250 _a1
260 _bसाहेबजी प्रकाशन
300 _a92
600 _aशिंगटे सुरेश
630 _aडोरलं
700 _aशिंगटे सुरेश
730 _aडोरलं
942 _cBOOK
999 _c63433
_d63433